000 00515nam a2200217 a 4500
001 0001-2148
003 ELIB.Books
008 190725 2010 eng
020 _a1576834522
092 _a264
_bJon
100 _aJones, Tony
245 _aPray
260 _aNavpress
_bTh1nk Books
_c2003
300 _a174
_c18cm
520 _aBible Studies
856 _nKBTS Library
_uKBTS Elib
942 _2ddc
_cBK
990 _a1
998 _aEnglishbooks.elf
_ccat
_e2019-07-25
999 _c12148
_d12148